| 000 | 00973nam a2200289 a 4500 | ||
|---|---|---|---|
| 001 | 000113953 | ||
| 003 | CHAP | ||
| 005 | 20220329144421.0 | ||
| 008 | 171010s2017 mx sm |||||||spa d | ||
| 010 | _a110414 | ||
| 011 | _a111386 | ||
| 040 | _cCHAP | ||
| 090 | _aTesis | ||
| 100 | 1 |
_aRíos Padilla, José Juan _9128935 |
|
| 245 | 1 | 0 |
_aCallogénesis in vitro en amaranto (Amaranthus spp). _h[En línea] _cJosé Juan Ríos Padilla. |
| 260 |
_aChapingo, Méx. : _bEl autor, _c2017. |
||
| 500 | _aPara ver el contenido del material haga clic en la liga | ||
| 502 | _aTesis (M. C. en Horticultura) -- UACH. Departamento de Fitotecnia | ||
| 590 |
_aE6337LMJ _b05 _c20171010 _lUCH01 _h1259 |
||
| 590 |
_aE6337LMJ _b05 _c20171010 _lUCH01 _h1259 |
||
| 650 | 1 | 4 |
_aAmaranto _xCultivo de tejidos. _9133736 |
| 650 | 1 | 4 |
_aAmaranto _xGenética. _95126 |
| 856 |
_aFinding aid _uhttp://10.13.5.2/tesis/sist113953.pdf _zTeclea aquí |
||
| 901 | _aBK | ||
| 942 | _cTESIS | ||
| 942 | _n0 | ||
| 999 |
_c110414 _d110414 |
||